Memperkenalkan bidang kejuruteraan : persepsi & sumbangan Islam

Bibliographic Details
Main Author: Ahmad Baharuddin Abdullah , 1974- (Author)
Format: Book
Published: Bentong, Pahang : PTS Publications & Distributors , 2004
Series:Siri kerjaya
Subjects:

MARC

LEADER 00000cam a2200000 7i4500
001 0000047310
005 20201126093000.0
008 040823s2004
020 |a 9831925548 
090 0 0 |a BP190.5.S3   |b A45 2004 
100 0 |a Ahmad Baharuddin Abdullah ,   |d 1974- ,   |e author 
245 1 0 |a Memperkenalkan bidang kejuruteraan :   |b persepsi & sumbangan Islam   |c Ahmad Baharuddin Abdullah 
260 2 |a Bentong, Pahang :   |b PTS Publications & Distributors ,   |c 2004 
300 |a iv, 237 p. :   |b ill. ;   |c 23 cm. 
440 0 0 |a Siri kerjaya 
504 |a Includes bibliographical references (p. [235]-237) 
650 0 |a Engineering   |x Religious aspects   |x Islam 
650 0 |a Islam and science 
999 |a 1000099352   |b Book   |c OPEN SHELF (30 DAYS)   |e Gong Badak Campus